STATISTICS AND DATA ANALYSIS (Record no. 13118)

MARC details
000 -LEADER
fixed length control field 00425nam a22001697a 4500
003 - CONTROL NUMBER IDENTIFIER
control field OSt
005 - DATE AND TIME OF LATEST TRANSACTION
control field 20211015180652.0
008 - FIXED-LENGTH DATA ELEMENTS--GENERAL INFORMATION
fixed length control field 211015b |||||||| |||| 00| 0 eng d
020 ## - INTERNATIONAL STANDARD BOOK NUMBER
International Standard Book Number 9788126530083
040 ## - CATALOGING SOURCE
Transcribing agency HU
082 ## - DEWEY DECIMAL CLASSIFICATION NUMBER
Classification number 550./18
100 ## - MAIN ENTRY--PERSONAL NAME
Personal name C. DAVIS JOHN
9 (RLIN) 14047
245 ## - TITLE STATEMENT
Title STATISTICS AND DATA ANALYSIS
Statement of responsibility, etc. JOHN C. DAVIS
260 ## - PUBLICATION, DISTRIBUTION, ETC.
Place of publication, distribution, etc. INDIA
Name of publisher, distributor, etc. WILEY
Date of publication, distribution, etc. 2002
300 ## - PHYSICAL DESCRIPTION
Extent XVI 638 P
Other physical details PC
Dimensions 26
942 ## - ADDED ENTRY ELEMENTS (KOHA)
Source of classification or shelving scheme Dewey Decimal Classification
Koha item type Books like text book referance book
Suppress in OPAC No
Holdings
Withdrawn status Lost status Source of classification or shelving scheme Damaged status Not for loan Collection code Home library Current library Shelving location Date acquired Total Checkouts Full call number Barcode Date last seen Copy number Price effective from Koha item type
    Dewey Decimal Classification     Non-fiction Wondo Genet Library Wondo Genet Library General Stacks 10/15/2021   550.18 DAV 2002 WGCFNRL00005654 10/15/2021 1 10/15/2021 Books like text book referance book
    Dewey Decimal Classification     Non-fiction Wondo Genet Library Wondo Genet Library General Stacks 10/15/2021   550.18 DAV 2002 WGCFNRL00005655 10/15/2021 2 10/15/2021 Books like text book referance book